| 000 | 00517nam a2200169 a 4500 | ||
|---|---|---|---|
| 001 | 5141 | ||
| 003 | CO-ViMGA | ||
| 008 | 141112s2004 ck r 000 u spa d | ||
| 040 |
_aCO-ViMGA _bspa _cCO-ViMGA |
||
| 082 | 0 | 4 | _a928.6 M477t |
| 100 | 1 |
_aTeitelboim, Volodia _93430 |
|
| 245 | 1 | 0 |
_aGabriela mistral pública y secreta : _btruenos y silencios en la vida del primer nobel latinoAméricano |
| 260 |
_aMexico : _bHermes, _c1996 |
||
| 300 | _a334 p | ||
| 650 | 1 | 4 |
_aMISTRAL, GABRIELA 1889 - 1957 _93431 |
| 942 |
_2ddc _cBK |
||
| 999 |
_c17142 _d17142 |
||